000 00460nam a2200193Ia 4500
005 20230323142254.0
008 131103s9999 xx 000 0 und d
020 _cRs.4
040 _aLoreto College
041 _aEnglish
082 _a891.442
_bGUH
100 _aNiogi, Sailesh Guha
245 _aFans
_cSailesh Guha Niogi
260 _aKolkata
_bsahitya parisad
_c1972
300 _a106p.
650 _aBengali drama
850 _aLCLIB
942 _cBK
999 _c21204
_d71683